Statistics for States by Exports

Click here to take the quiz!

General Stats

  • This quiz has been taken 41 times
  • The average score is 12 of 20

Answer Stats

HintAnswer% Correct
PotatoesIdaho
85%
OrangesFlorida
82%
PineappleHawaii
77%
AutomobilesMichigan
77%
AirplanesWashington
77%
LobsterMaine
74%
CornIowa
72%
TobaccoNorth Carolina
72%
Maple SyrupVermont
72%
CheeseWisconsin
72%
PeanutsGeorgia
64%
BeefTexas
64%
WheatKansas
56%
OilNorth Dakota
51%
CoalWyoming
41%
DiamondsArkansas
38%
GoldNevada
38%
UraniumArizona
31%
IronMinnesota
23%
ElectronicsOregon
18%

Score Distribution

Percentile by Number Answered

Percent of People with Each Score

Your Score History

You have not taken this quiz